000 00782nab a2200229 u 4500
001 16686
003 HDC
007 cr bn ---aaaaa
008 210221c20100427xx dr|noo 0 a eng d
040 _aHDC
245 0 _aJakarta: Indonesia to hold Halal food expo 23-25 July 2010
260 _a[No place] :
_b[publisher not identified],
_c2010
336 _atext
_2rdacontent
337 _acomputer
_2rdamedia
338 _aonline resource
_2rdacarrier
650 _aHalal food expo
_zIndonesia
_916401
650 _ahalal food products
_92437
856 _zRequest full-text at [email protected]
942 _2lcc
942 _cNEWS
942 _kNWSO 005741
999 _c14002
_d14002